| 000 -LEADER |
| fixed length control field |
01429cam a2200361 ab4500 |
| 001 - CONTROL NUMBER |
| control field |
2345453 |
| 003 - CONTROL NUMBER IDENTIFIER |
| control field |
OSt |
| 005 - DATE AND TIME OF LATEST TRANSACTION |
| control field |
20241111151859.0 |
| 008 - FIXED-LENGTH DATA ELEMENTS--GENERAL INFORMATION |
| fixed length control field |
211222r20192011enkb j 000 1 eng d |
| 020 ## - INTERNATIONAL STANDARD BOOK NUMBER |
| International Standard Book Number |
9780241335659 |
| 040 ## - CATALOGING SOURCE |
| Original cataloging agency |
CGC |
| Language of cataloging |
eng |
| Transcribing agency |
CGC |
| Modifying agency |
OCLCF |
| -- |
NFG |
| -- |
OCL |
| -- |
OCLCO |
| -- |
OCLCQ |
| -- |
OCLCO |
| -- |
OCLCQ |
| -- |
TCPL |
| -- |
KH8 |
| Description conventions |
aacr2 |
| 042 ## - AUTHENTICATION CODE |
| Authentication code |
nbic |
| 082 0# - DEWEY DECIMAL CLASSIFICATION NUMBER |
| Classification number |
FIC COL |
| 100 1# - MAIN ENTRY--PERSONAL NAME |
| Personal name |
Colfer, Eoin. |
| Relator term |
aut. |
| 245 10 - TITLE STATEMENT |
| Title |
Artemis Fowl and the Atlantis complex / |
| Statement of responsibility, etc. |
Eoin Colfer. |
| 250 ## - EDITION STATEMENT |
| Edition statement |
Reissued edition. |
| 260 ## - PUBLICATION, DISTRIBUTION, ETC. |
| Place of publication, distribution, etc. |
London : |
| Name of publisher, distributor, etc. |
Puffin, |
| Date of publication, distribution, etc. |
2019. |
| 300 ## - PHYSICAL DESCRIPTION |
| Extent |
322 pages : |
| Other physical details |
map ; |
| Dimensions |
20 cm. |
| 490 1# - SERIES STATEMENT |
| Series statement |
Artemis Fowl ; |
| Volume/sequential designation |
bk. 7. |
| 500 ## - GENERAL NOTE |
| General note |
"Criminally good"--Cover. |
| 500 ## - GENERAL NOTE |
| General note |
Originally published: 2010. |
| 520 ## - SUMMARY, ETC. |
| Summary, etc. |
Young Artemis has frequently used high-tech fairy magic to mastermind the most devious criminal activity of the new century. Now, at a conference in Iceland, Artemis has gathered the fairies to present his latest idea to save the world from global warming. |
| 600 10 - SUBJECT ADDED ENTRY--PERSONAL NAME |
| Personal name |
Fowl, Artemis |
| Titles and other words associated with a name |
(Fictitious character) |
| Form subdivision |
Juvenile fiction. |
| 650 #0 - SUBJECT ADDED ENTRY--TOPICAL TERM |
| Topical term or geographic name entry element |
Atlantis (Legendary place) |
| Form subdivision |
Juvenile fiction. |
| 650 #0 - SUBJECT ADDED ENTRY--TOPICAL TERM |
| Topical term or geographic name entry element |
Criminals |
| Form subdivision |
Juvenile fiction. |
| 650 #0 - SUBJECT ADDED ENTRY--TOPICAL TERM |
| Topical term or geographic name entry element |
Personality disorders |
| Form subdivision |
Juvenile fiction. |
| 650 #0 - SUBJECT ADDED ENTRY--TOPICAL TERM |
| Topical term or geographic name entry element |
Fairies |
| Form subdivision |
Juvenile fiction. |
| 650 #0 - SUBJECT ADDED ENTRY--TOPICAL TERM |
| Topical term or geographic name entry element |
Leprechauns |
| Form subdivision |
Fiction. |
| 650 #0 - SUBJECT ADDED ENTRY--TOPICAL TERM |
| Topical term or geographic name entry element |
Magic |
| Form subdivision |
Fiction. |
| 800 1# - SERIES ADDED ENTRY--PERSONAL NAME |
| Personal name |
Colfer, Eoin. |
| Title of a work |
Artemis Fowl ; |
| Volume/sequential designation |
bk. 7. |
| 830 #0 - SERIES ADDED ENTRY--UNIFORM TITLE |
| Uniform title |
Artemis Fowl ; |
| Volume/sequential designation |
bk. 7. |
| 942 ## - ADDED ENTRY ELEMENTS (KOHA) |
| Source of classification or shelving scheme |
|
| Koha item type |
Books - Fiction |